twenty one pilots - Title in Lyrics - Statistics

General Stats
  • This quiz has been taken 384 times
  • The average score is 17 of 23
Answer Stats
Hint Song % Correct
Where we're from, there's no sun, our ________'s in the dark Hometown
92%
Sometimes death seems better than the ________ in my head Migraine
92%
I'm ____ -________, my prayers schizophrenic Semi-Automatic
87%
She's the ____ __ __ _____ Tear in My Heart
87%
I know where you stand silent in the _____ Trees
87%
I'm flying from a fire, from ____ ___ ___ ______ Nico and the Niners
83%
If I keep moving they won't know, I'll _____ to someone else Morph
82%
I'm just being dramatic, in fact, I'm only at it again as an ______ ____ _ ___ Addict With a Pen
80%
For you, I would get beat to ___________ Smithereens
77%
You're ___ _____, oh no The Judge
77%
I've got a ___ _______ down in my basement Pet Cheetah
75%
I have killed a man and all I know is I am on ___ ___ ___ __ The Run and Go
72%
And I'll fall down, and I'll break down, and I'll ____ ___ ___ all I wanna Fake You Out
71%
______ ______, remove your hands from over your eyes for me Friend Please
69%
In time, I will _____ ___ ____ Leave the City
69%
Rust around the rim, drink it anyway, I ___ __ ___ Cut My Lip
68%
Heard you say ___ _____ Not Today
65%
All we are is an ____ __ __________ _____ Isle of Flightless Birds
60%
You're a ______ in my own mind Legend
59%
If we could just lay down and wake up in ________ Slowtown
59%
But do I want to say goodbye to all the _______ ____? Glowing Eyes
56%
You've stolen my ___ _______ that kept me safe and sound Air Catcher
49%
I don't wanna ____, ____ ____ Fall Away
49%
No matching quizzes found
Score Distribution
Percent of People with Each Score
Percentile by Number Answered
Your Score History
You have not taken this quiz